00400 2200157 4500001002100000005001500021035002000036245006900056100001400125300001200139260003500151082000800186084001400194020002200208990001200230INLIS00000000000175720250505025637 a0010-05250000491 aDilan Bagian Kedua :bDia Adalah Dilanku Tahun 1991 /cPidi Baiq0 aPidi Baiq a344 hlm aBandung :bPastel Books,c2016 a813 a813 PID d a978-602-7870-99-4 a0754610